Normal view
MARC view
Entry Topical Term
001 - CONTROL NUMBER
- control field: 114371
003 - CONTROL NUMBER IDENTIFIER
- control field: OSt
005 - DATE AND TIME OF LATEST TRANSACTION
- control field: 20230525164436.0
008 - FIXED-LENGTH DATA ELEMENTS
- fixed length control field: 230525|| aca||aabn | a|a d
040 ## - CATALOGING SOURCE
- Original cataloging agency: OSt
- Transcribing agency: OSt
150 ## - HEADING--TOPICAL TERM
- Topical term or geographic name entry element: Chemistry
670 ## - SOURCE DATA FOUND
- Source citation: Work cat.: (OSt)167445: DAS (Asim K);DAS (Mahua) 114370, Fundamental concepts of inorganic chemistry Vol 6, 2014